000 01640mam a22003494a 4500
999 _c3834
_d3834
001 2384316
003 Nust
005 20170105101226.0
008 990316s2000 coua b 001 0 eng
010 _a 99025923
020 _a155587858X (hc. : alk. paper)
020 _a1555878822
_z155878822 (pbk.)
035 _a(OCoLC)ocm41118797
040 _aDLC
_cDLC
_dC#P
_dOrLoB-B
042 _apcc
043 _an-us---
050 0 0 _aTD195.T7
_bM37 2000
082 0 0 _a363.739/256/0973
_221
100 1 _aMarzotto, Toni,
_d1945-
245 1 4 _aThe evolution of public policy :
_bcars and the environment /
_cToni Marzotto, Vicky Moshier Burnor, Gordon Scott Bonham.
260 _aBoulder, Colo. :
_bLynne Rienner Publishers,
_c2000.
300 _axiv, 231 p. :
_bill. ;
_c24 cm.
504 _aIncludes bibliographical references (p. 211-224) and index.
505 0 0 _g1.
_tAnalyzing Public Policy: Policy Stages and Advocacy Coalitions --
_g2.
_tProblem Definition: The Demand for Action --
_g3.
_tAgenda Setting: Taking the Demand to Government --
_g4.
_tPolicy Formulation: From Idea to Law --
_g5.
_tPolicy Implementation: The Public Actors --
_g6.
_tPolicy Implementation: The Private Actors --
_g7.
_tPolicy Evaluation: Deliberate or Rushed Judgment --
_g8.
_tPolicy Reformulation: The Problem Revisited.
650 0 _aTransportation, Automotive
_xEnvironmental aspects
_zUnited States.
650 0 _aCommuting
_xGovernment policy
_zUnited States.
650 0 _aEnvironmental policy
_zUnited States
_xDecision making.
700 1 _aBurnor, Vicky Moshier,
_d1955-
700 1 _aBonham, Gordon Scott.
900 _bTOC
942 _2ddc
_cBK